Statistiques concernant Les conflits territoriaux de la France

Cliquez ici pour prendre le quiz!

Statistiques générales

  • Ce quiz a été pris 157 fois
  • Le résultat moyen est 5 sur 9

Statistiques - réponses

ContinentPays% Correct
AmériqueCanada
74%
AmériqueSuriname
73%
AfriqueComores
72%
AfriqueMadagascar
69%
EuropeItalie
64%
AfriqueMaurice
56%
AmériquePays-Bas
43%
OcéanieVanuatu
40%
AmériqueAntigua-et-Barbuda
26%

Distribution des résultats

Percentile par nombre de réponses

% des personnes avec chaque résultat

Votre développement - résultats

Vous n’avez pas pris ce quiz